| 000 | 00701cam a2200181 a 4500 | ||
|---|---|---|---|
| 020 | _a082130903X (pbk.) | ||
| 082 | 0 | 0 |
_a338.161 _bBIN |
| 100 | 1 |
_aBinswanger-Mkhize, Hans P., _936899 |
|
| 245 | 1 | 0 |
_aAgricultural mechanization : _bissues and options. |
| 260 |
_aWashington, D.C., U.S.A. : _bWorld Bank, _cc1987. |
||
| 300 |
_avi, 85 p. : _bill. ; _c28 cm. |
||
| 500 | _aPrepared by Hans P. Binswanger and Graeme Donovan with the assistance of Raymund Fabre and Prabhu Pingali. | ||
| 526 |
_a0 _b0 _c0 _d338_161000000000000_BIN |
||
| 650 | 0 |
_aFarm mechanization _xEconomic aspects _zDeveloping countries. _938649 |
|
| 700 | 1 |
_aDonovan, W. Graeme. _938650 |
|
| 710 | 2 |
_aWorld Bank. _94999 |
|
| 942 |
_2ddc _cBK |
||
| 999 |
_c543271 _d543271 |
||